000 01066nam a2200325 a 4500
001 000051833
005 20200120222711.0
008 090710s2011 sp a br 000 j spa d
020 _a9788421684252
041 1 _aspa
043 _ae-sp---
082 0 4 _221
090 _aC
_bQUIL
100 1 _aQuirós Ugarte, Leire
245 1 0 _aMerlimberto, mago experto /
_cLeire Quirós Ugarte y Laura Ugarte ; ilustraciones : Tesa González.
250 _a2a. ed.
260 _aMadrid :
_bBruño,
_c2011.
300 _a28 p. :
_bilustraciones en color.
490 0 _aChiquiCuentos
_v35
500 _aA partir de los 4 años
520 _a"Merlimberto sería un mago excelente... ¡si su varita mágica no fuera tan desobediente!."
650 1 4 _aMagia en la literatura
650 2 4 _aMagos en la literatura
650 2 4 _aCuento infantil
650 2 4 _aLibros ilustrados para niños
650 2 4 _aLibros y lectura para niños
700 _aEj. 1 biblioteca Mosquera con isbn 9788421677988
700 1 _aUgarte, Laura
700 1 _aGonzález, Tesa,
_eilustradora
999 _c3475
_d3475